00000000nam 2200000za 4500
0019.840930
003CaOODSP
00520221107151950
007cr |||||||||||
008170802s1991    onc    |o    f|0| 0 eng d
040 |aCaOODSP|beng
043 |an-cn---
0861 |aCS12-0043/4E-PDF
1001 |aStrike, Carol.
24510|aOverview of 1991 General Social Survey on Health (GSS-6) |h[electronic resource] / |cCarol Strike.
260 |a[Ottawa] : |bStatistics Canada, |c1991.
300 |a[78] p.
4901 |aWorking paper ; |vno. 4
500 |aIssued also in French under title: Aperçu de l'Enquête social générale de 1991 sur la santé (ESG-6).
500 |a"July 8, 1991."
500 |aDigitized edition from print [produced by Statistics Canada].
504 |aIncludes bibliographic references.
520 |a"This report provides a history of the development of the 1991 General Social Survey (Cycle 6) from questionnaire design to data collection. Specifically, it examines changes and omissions from the 1985 GSS (Cycle 1) questionnaire and the reasons for these changes. In addition, it provides a summary of question comparability with other surveys"--Preface.
69207|2gccst|aSurveys
69207|2gccst|aHealth
69207|2gccst|aMethodology
7102 |aStatistics Canada.
77508|tAperçu de l'Enquête sociale générale de 1991 sur la santé (ESG-6) |w(CaOODSP)9.840934
830#0|aWorking paper (General Social Survey (Canada))|vno. 4|w(CaOODSP)9.835228
85640|qPDF|s11.06 MB|uhttps://publications.gc.ca/collections/collection_2017/statcan/12-0043/CS12-0043-4-eng.pdf
986 |a12F0043E no. 4